Penzijní připojištění a důchodové pojištění z hlediska úmrtnosti v České republice

Stanovenie alebo odhad výšky penzií a dôchodkov v súvislosti so vznikom penzijného pripoistenia v ČR. Návrh úmrtnostných tabuliek použiteľných pre aktuálny výpočet penzií a dôchodkov, ktoré sa majú začať vyplácať v ČR s dobou odkladu 15-20 rokov. Konštrukcia tabuliek. Zahrnutie princípu selekcie dôc...

Description complète

Enregistré dans:
Détails bibliographiques
Auteur principal: Cipra, T.
Format: Chapitre de livre
Langue:tchèque
Sujets:
Tags: Ajouter un tag
Pas de tags, Soyez le premier à ajouter un tag!

MARC

LEADER 00000naa a2200000 4500
001 r018013
005 20221205102453.7
041 0 |a cze 
044 |a CZ 
245 1 0 |a Penzijní připojištění a důchodové pojištění z hlediska úmrtnosti v České republice  |c T. Cipra 
520 |a Stanovenie alebo odhad výšky penzií a dôchodkov v súvislosti so vznikom penzijného pripoistenia v ČR. Návrh úmrtnostných tabuliek použiteľných pre aktuálny výpočet penzií a dôchodkov, ktoré sa majú začať vyplácať v ČR s dobou odkladu 15-20 rokov. Konštrukcia tabuliek. Zahrnutie princípu selekcie dôchodkových kmeňov. Výpočty penzií a dôchodkov. 
610 2 0 |a dôchodky 
610 2 0 |a pripoistenie 
610 2 0 |a poistenie dôchodkové 
610 2 0 |a Česko 
610 2 0 |a vzorce 
610 2 0 |a úmrtnosť 
610 2 0 |a muži 
610 2 0 |a ženy 
610 2 0 |a matematika poistná 
100 1 |a Cipra, T.